Central Library OPAC University of Rajshahi

Management / (Record no. 15027)

MARC details
000 -LEADER
fixed length control field 00772nam a2200265 a 4500
001 - CONTROL NUMBER
control field 15027
003 - CONTROL NUMBER IDENTIFIER
rucl marc code BD-RjUL
005 - DATE AND TIME OF LATEST TRANSACTION
control field 20211208235733.0
008 - FIXED-LENGTH DATA ELEMENTS--GENERAL INFORMATION
fixed length control field 140209s2006 1995 enk 001 0 eng d
020 ## - INTERNATIONAL STANDARD BOOK NUMBER
International Standard Book Number 0131494449
035 ## - SYSTEM CONTROL NUMBER
System control number (BD-RjUL)15081
040 ## - CATALOGING SOURCE
Original cataloging agency OX/U-1
Language of cataloging eng
Transcribing agency BD-RjUL
Modifying agency BD-RjUL
041 ## - LANGUAGE CODE
Language code of text/sound track or separate title eng
082 ## - DEWEY DECIMAL CLASSIFICATION NUMBER
Classification number 658
Author mark and year STM 1995
Edition number 23
100 1# - MAIN ENTRY--PERSONAL NAME
Personal name STONER ,JAMES A.F.
Fuller form of name (James Arthur Finch)
9 (RLIN) 46779
245 10 - TITLE STATEMENT
Title Management /
Statement of responsibility, etc. JAMES A.F. STONER
250 ## - EDITION STATEMENT
Edition statement 6th ed. /
260 ## - PUBLICATION, DISTRIBUTION, ETC. (IMPRINT)
Place of publication, distribution, etc. London :
Name of publisher, distributor, etc. Prentice-Hall International,
Date of publication, distribution, etc. c1995.
300 ## - PHYSICAL DESCRIPTION
Pagination xxv, 630 p. :
Illustrations ill. ;
Size 28 cm
500 ## - GENERAL NOTE
General note Include index
650 #0 - SUBJECT ADDED ENTRY--TOPICAL TERM
Topical term or geographic name as entry element Management
9 (RLIN) 46780
700 1# - ADDED ENTRY--PERSONAL NAME
Personal name Freeman, R. Edward,
Dates associated with a name 1951-
Personal name Gilbert, Daniel R.,
Dates associated with a name 1952-
942 ## - ADDED ENTRY ELEMENTS (KOHA)
Source of classification or shelving scheme Dewey Decimal Classification
Koha item type Books
Holdings
Lost status Source of classification or shelving scheme Damaged status Not for loan Collection code Permanent Location Current Location Shelving location Date acquired Source of acquisition Cost, normal purchase price Total Checkouts Full call number Date last seen Copy number Koha item type
  Dewey Decimal Classification     Non-fiction Central Library, University of Rajshahi Central Library, University of Rajshahi   17/05/2008 Paragon Enterprises 350.00   658 STM 1995 09/02/2014 C-2 Books
  Dewey Decimal Classification     Non-fiction Central Library, University of Rajshahi Central Library, University of Rajshahi   15/06/2008 R.U.L.     658 STM 1995 01/10/2016 C-4 Books
  Dewey Decimal Classification     Non-fiction Central Library, University of Rajshahi Central Library, University of Rajshahi   02/04/2009 Dhaka paragon enterprises ltd. 395.00   658 STM 1995 02/10/2016 C-3 Books
  Dewey Decimal Classification     Non-fiction Central Library, University of Rajshahi Central Library, University of Rajshahi   02/04/2009 Dhaka paragon enterprises ltd. 395.00   658 STM 1995 02/10/2016 C-5 Books
  Dewey Decimal Classification     Non-fiction Central Library, University of Rajshahi Central Library, University of Rajshahi   02/04/2009 Dhaka paragon enterprises ltd. 395.00   658 STM 1995 02/10/2016 C-6 Books
  Dewey Decimal Classification     Non-fiction Central Library, University of Rajshahi Central Library, University of Rajshahi   02/04/2009 Dhaka paragon enterprises ltd. 395.00   658 STM 1995 02/10/2016 C-7 Books